| 000 | 01350nam a22003615a 4500 | ||
|---|---|---|---|
| 003 | EG-ScBUE | ||
| 005 | 20220509110716.0 | ||
| 006 | m||||f ||z 00| 0 | ||
| 008 | 140508t2008 maua f b 001 0 eng d | ||
| 020 | _a9781424002160 | ||
| 020 | _a1424002168 | ||
| 040 |
_aEG-ScBUE _beng _erda _cEG-ScBUE _dEG-ScBUE |
||
| 082 | 0 | 4 |
_222 _a425 _bORT |
| 100 | 1 |
_91440 _aOrtman, Jill, _eauthor. |
|
| 245 | 1 | 0 |
_aGrammar connection 2 : _bstructure through content / _cJill Ortman. |
| 250 | _aAnnotated teacher’s edition. | ||
| 264 | 1 |
_aBoston, Massachusetts : _bThomson Heinle, _c[2008] |
|
| 264 | 4 | _cc2008 | |
| 300 |
_axviii, 293 pages : _bcolor illustrations ; _c28 cm + _e1 CD |
||
| 336 |
_2rdacontent _atext _btxt |
||
| 337 |
_2rdamedia _aunmediated _bn |
||
| 338 |
_2rdacarrier _avolume _bnc |
||
| 504 | _aIncludes bibliographical references and index. | ||
| 590 | _ayassmeen ashraf | ||
| 650 | 7 |
_943 _aEnglish language _vTextbooks for foreign speakers. _2BUEsh |
|
| 650 | 7 |
_913890 _aEnglish language _xGrammar _vProblems, exercises, etc. _2BUEsh |
|
| 650 | 7 |
_910347 _aEnglish language _xSpoken English _vProblems, exercises, etc. _2BUEsh |
|
| 650 | 0 |
_923274 _aEnglish language _xBusiness English _vProblems, exercises, etc. _2BUEsh |
|
| 651 | _2BUEsh | ||
| 653 |
_cAugust2015 _bHHUUEENN |
||
| 655 |
_vReading book _934232 |
||
| 942 |
_2ddc _k425 ORT _cBB |
||
| 999 |
_c18274 _d18246 |
||